000 00738nam a2200205Ii 4500
003 JO-AjNU
008 230605s9999||||xx |||||||||||||| ||und||
040 _aJO-AjNU
_bara
_erda
_cJO-AjNU
041 _aara
050 1 4 _aE855 2000
100 3 _aديكنز، تشارلز؛ ترجمة حافظ، عباس؛ مراجعة بدران، محمد,
_eauthor
_97498
245 0 0 _aمذكرات بكويك، ج1
264 3 1 _aالقاهرة: الهيئة المصرية العامة للكتاب، 2000
300 _aج1: 424ص
336 _atext
_btxt
_2rdacontent
337 _aunmediated
_bn
_2rdamedia
338 _avolume
_bnc
_2rdacarrier
490 0 _aالالف كتاب الثاني
650 4 _aبكويك-مذكرات-تاريخ
_97499
999 _aA309
_c3877
_d3877